LEADER 01335nam a2200301 u 4500 001 000000028545 003 CaOOAMICUS 005 20070226111820.0 008 960731s1960 it u000 u ita u 035 $a10740405 040 $aPUL$bita 041 1 $aita$hger 100 1 $aScheeben, Matthias Joseph,$d1835-1888.$0(OLS)http://pul/name/14574 240 14$aDie Mysterien des Christentums.$lItaliano.$0(OLS)http://pul/title/33371 245 12$aI misteri del cristianesimo /$cTraduzione italiana del testo definitivo tedesco con rifusione e aggiornamento delle note di p. Innocenzo Gorlani O. F. M. condotta sull'ed. critica curata da J. Höfer. 250 $a3a. ed. 260 $aBrescia :$bMorcelliana,$c1960. 300 $axxx, 825 p. ;$c25 cm 500 $aComprende indici 504 $aBibliografia p. xxv-xxx 650 4$aCristianesimo.$0(OLS)http://pul/subject/787 700 1 $aGorlani, Innocenzo,$cO.F.M.$0(OLS)http://pul/name/15220 850 $aPUL 852 $aPUL$W1$xDP1 Fondo Maccarrone$y58$m1506 G 42$j39622$nBK-PRI$b $qFondi$B39622$CPULBib$Z2$F39622 $H $81 941 1 $a1 961 $aINV: 01973 -- Fondo Mons. M. Maccarrone 996 $6245$aI misteri del cristianesimo$9(OLS)http://pul/title/33372 996 $6260$aBrescia :$bMorcelliana$9(OLS)http://pul/publisher/47854 LEADER 01591nam a2200337 u 4500 001 000000014574 003 CaOOAMICUS 005 20070226105800.0 008 940517s1975 it u000 u ita u 035 $a10343816 040 $aPUL$bita 100 1 $aPrato, Gian Luigi.$0(OLS)http://pul/name/13505 245 13$aIl problema della teodicea in Ben Sira :$bcomposizione dei contrari e richiamo alle origini /$cGian Luigi Prato. 260 $aRome :$bBiblical Institute Press,$c1975. 300 $axxxiv, 455 p. ;$c24 cm 490 1 $aAnalecta biblica ;$v65 500 $aComprende indici. 502 $aDiss. -- Pontificio Istituto Biblico (Roma), 1974. 504 $aBibliografia: p. xix-xxxiv. 630 04$aBiblia.$pV.T.$pEcclesiasticus$xCritica, interpretazione, ecc.$0(OLS)http://pul/subject/10189 710 2 $aPontificio istituto biblico.$0(OLS)http://pul/name/471 830 0$aAnalecta biblica ;$v65.$0(OLS)http://pul/title/100 850 $aPUL 852 $aPUL$W1$xSL Religione 1$y3$m10(4) A 65$j20465$nBK-PRI$b $qStampati$B20465$CPULBib$Z2$F20465 $H $81 852 $aPUL$W1$xDP1 Tesi Pon. Ist. Biblico$y33$mTH BIB 89$j180881$qTesi$B184004$CPULBib$Z2$F184004 $H42051 $82 910 $aPontificium institutm biblicum$9471 941 1 $a8 941 1 $a16 961 $aINV: 41361 996 $6245$aIl problema della teodicea in Ben Sira :$bcomposizione dei contrari e richiamo alle origini$9(OLS)http://pul/title/20931 996 $6260$aRome :$bBiblical Institute Press$9(OLS)http://pul/publisher/48224